Statistics for National League Cy Young Winners(1967-2014)

Click here to take the quiz!

General Stats

  • This quiz has been taken 105 times
  • The average score is 28 of 48

Answer Stats

YearAnswer% Correct
2014Clayton Kershaw
93%
2013Clayton Kershaw
93%
2011Clayton Kershaw
93%
1998Tom Glavine
88%
1991Tom Glavine
88%
1992Greg Maddux
87%
1993Greg Maddux
87%
1994Greg Maddux
87%
1995Greg Maddux
87%
1996John Smoltz
82%
2002Randy Johnson
80%
2001Randy Johnson
80%
2000Randy Johnson
80%
1999Randy Johnson
80%
1970Bob Gibson
71%
1968Bob Gibson
71%
1973Tom Seaver
70%
1975Tom Seaver
70%
1969Tom Seaver
70%
2009Tim Lincecum
67%
2008Tim Lincecum
67%
1977Steve Carlton
63%
1982Steve Carlton
63%
1972Steve Carlton
63%
1980Steve Carlton
63%
1985Dwight Gooden
62%
1981Fernando Valenzuela
57%
2010Roy Halladay
57%
1997Pedro Martinez
55%
1988Orel Hershiser
49%
2012R.A Dickey
46%
2004Roger Clemens
46%
2005Chris Carpenter
45%
1986Mike Scott
42%
1971Ferguson Jenkins
37%
1978Gaylord Perry
37%
1990Doug Drabek
36%
2003Eric Gagne
36%
2007Jake Peavy
33%
1976Randy Jones
33%
1979Bruce Sutter
30%
1989Mark Davis
28%
1984Rick Sutcliffe
26%
2006Brandon Webb
22%
1983John Denny
22%
1987Steve Bedrosian
21%
1974Mike Marshall
18%
1967Mike McCormick
16%

Score Distribution

Percentile by Number Answered

Percent of People with Each Score

Your Score History

You have not taken this quiz